000
00304nam a2200121Ia 4500
008
190216s9999||||xx |||||||||||||| ||und||
100
_a
Shushila Guptha
245
0
_a
Hindi-Hindusthani Prachar Ke Theen Lokadhar
260
_b
Hindusthani Prachara Sabha
300
_a
160
650
_a
Hindi
942
_c
BK
999
_c
16285
_d
16285